[Event "IECG WC.2003.F.00001 email"]
[Site "IECG email"]
[Date "2003.12.20"]
[Round "?"]
[White "Petrovic, Djordje"]
[Black "Samraoui, Ali"]
[Result "0-1"]
[WhiteElo "2435"]
[BlackElo "2444"]
[PlyCount "68"]
[EventDate "2003.12.20"]
[EventType "tourn (corr)"]
[EventRounds "14"]
[SourceTitle "Corr 2024"]
[Source "ChessBase"]
[SourceDate "2023.10.19"]
[SourceVersion "1"]
[SourceVersionDate "2023.10.19"]
[SourceQuality "1"]

1. e4 e5 2. Nf3 Nc6 3. Bb5 a6 4. Ba4 Nf6 5. 0-0 Be7 6. Re1 b5 7. Bb3 d6 8. c3 0-0 9. h3 Bb7 10. d4 Re8 11. Ng5 Rf8 12. Nf3 Re8 13. Nbd2 Bf8 14. a4 h6 15. Bc2 exd4 16. cxd4 Nb4 17. Bb1 c5 18. d5 Nd7 19. Ra3 c4 20. axb5 axb5 21. Nd4 Qb6 22. Nf5 Ne5 23. Rg3 g6 24. Nf3 Ned3 25. Be3 Qd8 26. Nxh6+ Bxh6 27. Bxh6 Qf6 28. Bxd3 Nxd3 29. Re2 b4 30. Bg5 Qg7 31. Rg4 Nxb2 32. Qd4 Qxd4 33. Nxd4 f5 34. Rh4 Nd3 0-1

[Event "IECG WC.2003.F.00001 email"]
[Site "IECG email"]
[Date "2003.12.20"]
[Round "?"]
[White "Samraoui, Ali"]
[Black "Rodriguez, Jorge"]
[Result "1/2-1/2"]
[WhiteElo "2444"]
[BlackElo "2575"]
[PlyCount "49"]
[EventDate "2003.12.20"]
[EventType "tourn (corr)"]
[EventRounds "14"]
[SourceTitle "Corr 2008"]
[Source "ChessBase"]
[SourceDate "2008.06.24"]
[SourceVersion "1"]
[SourceVersionDate "2008.06.24"]
[SourceQuality "1"]

1. d4 Nf6 2. c4 e6 3. Nf3 d5 4. Nc3 dxc4 5. e4 Bb4 6. Bg5 c5 7. Bxc4 cxd4 8. Nxd4 Qa5 9. Bd2 Qc5 10. Bb5+ Nbd7 11. Nb3 Qb6 12. Qe2 a6 13. Bxd7+ Bxd7 14. e5 Nd5 15. 0-0 Nxc3 16. bxc3 Bf8 17. c4 Qc7 18. Rfe1 Ba4 19. Qg4 h5 20. Qh4 Rc8 21. h3 Be7 22. Bg5 Rh6 23. Nd2 Qd8 24. Bxe7 Qxe7 25. Qf4 1/2-1/2

[Event "IECG WC.2003.F.00001 email"]
[Site "IECG email"]
[Date "2003.12.20"]
[Round "?"]
[White "Samraoui, Ali"]
[Black "Silva, Miguel Medina"]
[Result "1/2-1/2"]
[WhiteElo "2444"]
[BlackElo "2149"]
[PlyCount "33"]
[EventDate "2003.12.20"]
[EventType "tourn (corr)"]
[EventRounds "14"]
[SourceTitle "Corr 2008"]
[Source "ChessBase"]
[SourceDate "2008.06.24"]
[SourceVersion "1"]
[SourceVersionDate "2008.06.24"]
[SourceQuality "1"]

1. d4 d5 2. Nf3 Nf6 3. c4 c6 4. Nc3 e6 5. Bg5 h6 6. Bxf6 Qxf6 7. e3 Nd7 8. Bd3 dxc4 9. Bxc4 g6 10. 0-0 Bg7 11. Rc1 0-0 12. b4 Qe7 13. Qb3 b6 14. a4 Bb7 15. Rfd1 c5 16. d5 cxb4 17. d6 1/2-1/2

[Event "IECG WC.2003.F.00001 email"]
[Site "IECG email"]
[Date "2003.12.20"]
[Round "?"]
[White "Samraoui, Ali"]
[Black "Valentine, Stephen G"]
[Result "1/2-1/2"]
[WhiteElo "2444"]
[BlackElo "2460"]
[PlyCount "51"]
[EventDate "2003.12.20"]
[EventType "tourn (corr)"]
[EventRounds "14"]
[SourceTitle "Corr 2008"]
[Source "ChessBase"]
[SourceDate "2008.06.24"]
[SourceVersion "1"]
[SourceVersionDate "2008.06.24"]
[SourceQuality "1"]

1. d4 d5 2. Nf3 Nf6 3. c4 c6 4. Nc3 e6 5. Bg5 h6 6. Bxf6 Qxf6 7. e3 Nd7 8. Bd3 dxc4 9. Bxc4 g6 10. 0-0 Qe7 11. Qc2 Bg7 12. Rad1 0-0 13. Rfe1 b6 14. e4 Bb7 15. e5 Rfd8 16. Bd3 c5 17. Be4 Bxe4 18. Qxe4 cxd4 19. Rxd4 Rac8 20. Red1 Nc5 21. Qe3 a6 22. b4 Rxd4 23. Qxd4 Nb7 24. a3 Qc7 25. Rc1 Nd8 26. Qe3 1/2-1/2

[Event "IECG WC.2003.F.00001 email"]
[Site "IECG email"]
[Date "2003.12.20"]
[Round "?"]
[White "Schoonhoven, Jan Willem"]
[Black "Samraoui, Ali"]
[Result "1/2-1/2"]
[WhiteElo "2627"]
[BlackElo "2444"]
[PlyCount "77"]
[EventDate "2003.12.20"]
[EventType "tourn (corr)"]
[EventRounds "14"]
[SourceTitle "Corr 2008"]
[Source "ChessBase"]
[SourceDate "2008.06.24"]
[SourceVersion "1"]
[SourceVersionDate "2008.06.24"]
[SourceQuality "1"]

1. e4 e5 2. Nf3 Nc6 3. Bb5 a6 4. Ba4 Nf6 5. 0-0 Be7 6. Re1 b5 7. Bb3 d6 8. c3 0-0 9. h3 Bb7 10. d4 Re8 11. Nbd2 Bf8 12. d5 Nb8 13. Nf1 Nbd7 14. N3h2 Nc5 15. Bc2 c6 16. b4 Ncd7 17. dxc6 Bxc6 18. Ng4 Nxg4 19. hxg4 Nb6 20. Qf3 a5 21. Ne3 axb4 22. cxb4 Qc8 23. Rd1 Qb7 24. g5 Rec8 25. Kh2 Bd7 26. Bb3 Bc6 27. Nd5 Nxd5 28. Bxd5 Bxd5 29. Rxd5 Rc4 30. Bd2 Qa6 31. a3 Qc6 32. Rh1 Rc2 33. Kg1 g6 34. Rh3 Qc4 35. Qd3 Qa2 36. Kh2 Rb8 37. Qe2 Be7 38. Qd3 Bf8 39. Rf3 1/2-1/2

[Event "IECG WC.2001.F.00001 email"]
[Site "IECG email"]
[Date "2001.12.15"]
[Round "?"]
[White "Copie, Jose Antonio"]
[Black "Samraoui, Ali"]
[Result "1/2-1/2"]
[WhiteElo "2556"]
[BlackElo "2455"]
[PlyCount "96"]
[EventDate "2001.12.15"]
[EventType "tourn (corr)"]
[EventRounds "14"]
[SourceTitle "Corr 2008"]
[Source "ChessBase"]
[SourceDate "2008.06.24"]
[SourceVersion "1"]
[SourceVersionDate "2008.06.24"]
[SourceQuality "1"]

1. e4 e5 2. Nf3 Nf6 3. d4 Nxe4 4. Bd3 d5 5. Nxe5 Nd7 6. Nxd7 Bxd7 7. 0-0 Bd6 8. c4 c6 9. Nc3 0-0 10. cxd5 Nxc3 11. bxc3 cxd5 12. Qh5 g6 13. Qxd5 Qc7 14. Bh6 Rfe8 15. Qg5 Bxh2+ 16. Kh1 Bd6 17. Qf6 Bf8 18. Bxf8 Rxf8 19. c4 Rae8 20. Qh4 Qa5 21. Rfc1 Bf5 22. Qg3 Re7 23. Bxf5 Qxf5 24. Kg1 Re4 25. Rab1 b6 26. c5 Qh5 27. f3 Rxd4 28. cxb6 axb6 29. Rxb6 Qh6 30. Re1 Rh4 31. Rb8 Rh1+ 32. Kf2 Qd2+ 33. Re2 Qd4+ 34. Re3 Ra1 35. Rxf8+ Kxf8 36. Qb8+ Kg7 37. Qe5+ Qxe5 38. Rxe5 Rxa2+ 39. Kg3 Ra3 40. Rb5 h6 41. Rb2 g5 42. Kf2 h5 43. Kg1 Kg6 44. Kh2 f6 45. Rb4 Re3 46. Ra4 Re2 47. Kh3 Re3 48. Kh2 Re2 1/2-1/2

[Event "IECG WC.2001.F.00001 email"]
[Site "IECG email"]
[Date "2001.12.15"]
[Round "?"]
[White "Martin, Milan"]
[Black "Samraoui, Ali"]
[Result "1/2-1/2"]
[WhiteElo "2455"]
[BlackElo "2455"]
[PlyCount "52"]
[EventDate "2001.12.15"]
[EventType "tourn (corr)"]
[EventRounds "14"]
[SourceTitle "Corr 2008"]
[Source "ChessBase"]
[SourceDate "2008.06.24"]
[SourceVersion "1"]
[SourceVersionDate "2008.06.24"]
[SourceQuality "1"]

1. e4 e5 2. Nf3 Nf6 3. d4 Nxe4 4. Bd3 d5 5. Nxe5 Nd7 6. Nxd7 Bxd7 7. 0-0 Bd6 8. c4 c6 9. Nc3 0-0 10. cxd5 Nxc3 11. bxc3 cxd5 12. Qh5 g6 13. Qxd5 Qc7 14. Bh6 Rfe8 15. Qf3 Bxh2+ 16. Kh1 Bd6 17. Qf6 Bf8 18. Bxf8 Rxf8 19. c4 Rae8 20. Rab1 Re6 21. Qf3 b6 22. Rfe1 Rfe8 23. Rxe6 Rxe6 24. d5 Re5 25. g3 Qd6 26. Kg2 Re8 1/2-1/2

[Event "IECG WC.2001.F.00001 email"]
[Site "IECG email"]
[Date "2001.12.15"]
[Round "?"]
[White "Rost, Detlef"]
[Black "Samraoui, Ali"]
[Result "1/2-1/2"]
[WhiteElo "2477"]
[BlackElo "2455"]
[PlyCount "68"]
[EventDate "2001.12.15"]
[EventType "tourn (corr)"]
[EventRounds "14"]
[SourceTitle "Corr 2008"]
[Source "ChessBase"]
[SourceDate "2008.06.24"]
[SourceVersion "1"]
[SourceVersionDate "2008.06.24"]
[SourceQuality "1"]

1. d4 d5 2. c4 e6 3. Nf3 Nf6 4. Bg5 Be7 5. e3 h6 6. Bh4 0-0 7. Nc3 b6 8. Qc2 Bb7 9. Bxf6 Bxf6 10. cxd5 exd5 11. Be2 c5 12. 0-0 Qe7 13. Rfd1 Rd8 14. Rac1 Nd7 15. Qf5 Qe6 16. Bd3 Qxf5 17. Bxf5 Nf8 18. dxc5 bxc5 19. b3 g6 20. Bh3 d4 21. Na4 Be7 22. Ne5 dxe3 23. fxe3 Rxd1+ 24. Rxd1 Re8 25. Bd7 Nxd7 26. Rxd7 Bg5 27. Nc4 Ba6 28. Nab2 Re7 29. Rxe7 Bxe7 30. Kf2 Kg7 31. e4 Bb7 32. e5 f6 33. Nd6 Bd5 34. Ne8+ Kf7 1/2-1/2

[Event "IECG WC.2001.F.00001 email"]
[Site "IECG email"]
[Date "2001.12.15"]
[Round "?"]
[White "Samraoui, Ali"]
[Black "Espindola, Carlos Alejandro"]
[Result "1/2-1/2"]
[WhiteElo "2455"]
[BlackElo "2431"]
[PlyCount "45"]
[EventDate "2001.12.15"]
[EventType "tourn (corr)"]
[EventRounds "14"]
[SourceTitle "Corr 2008"]
[Source "ChessBase"]
[SourceDate "2008.06.24"]
[SourceVersion "1"]
[SourceVersionDate "2008.06.24"]
[SourceQuality "1"]

1. d4 Nf6 2. c4 g6 3. Nc3 d5 4. cxd5 Nxd5 5. e4 Nxc3 6. bxc3 Bg7 7. Nf3 c5 8. Be3 Qa5 9. Qd2 Nc6 10. Rc1 cxd4 11. cxd4 Qxd2+ 12. Kxd2 0-0 13. d5 Rd8 14. Ke1 Nb4 15. Bd2 Na6 16. Bg5 f6 17. Bf4 f5 18. d6 exd6 19. Bc4+ Kf8 20. Ng5 Be5 21. Bxe5 dxe5 22. Nxh7+ Kg7 23. Ng5 1/2-1/2

[Event "IECG WC.2001.F.00001 email"]
[Site "IECG email"]
[Date "2001.12.15"]
[Round "?"]
[White "Samraoui, Ali"]
[Black "Polaczek, Richard"]
[Result "1-0"]
[WhiteElo "2455"]
[BlackElo "2454"]
[PlyCount "107"]
[EventDate "2001.12.15"]
[EventType "tourn (corr)"]
[EventRounds "14"]
[SourceTitle "Corr 2008"]
[Source "ChessBase"]
[SourceDate "2008.06.24"]
[SourceVersion "1"]
[SourceVersionDate "2008.06.24"]
[SourceQuality "1"]

1. d4 d5 2. c4 dxc4 3. Nf3 e6 4. e3 a6 5. Bxc4 c5 6. 0-0 Nf6 7. Bb3 b5 8. a4 b4 9. Nbd2 Bb7 10. e4 Be7 11. e5 Nfd7 12. Nc4 0-0 13. Bc2 Nc6 14. Qd3 g6 15. Bh6 cxd4 16. Bxf8 Bxf8 17. Rad1 Nc5 18. Qd2 b3 19. Bb1 Nxa4 20. Qf4 Qc7 21. Nxd4 Nxd4 22. Rxd4 Bc5 23. Rd3 Bd5 24. Nd6 Bxd6 25. exd6 Qd7 26. Rc1 Nxb2 27. Rdc3 Nc4 28. Rxc4 Bxc4 29. Qxc4 Qxd6 30. Qxb3 a5 31. Be4 a4 32. Qc3 Ra7 33. h4 a3 34. h5 a2 35. Ra1 gxh5 36. Qe3 Ra6 37. Bc2 Qa3 38. Qd2 Qc5 39. Bb3 Qe5 40. Rxa2 Rxa2 41. Bxa2 Kg7 42. g3 h6 43. Bb3 Qf6 44. Qb4 Qb2 45. Kg2 Qe5 46. Bd1 Qd5+ 47. Bf3 Qg5 48. Qd4+ e5 49. Qd7 h4 50. Bd5 Qf6 51. Qg4+ Qg5 52. Qxg5+ hxg5 53. gxh4 gxh4 54. Kh3 1-0

[Event "IECG WC.2001.F.00001 email"]
[Site "IECG email"]
[Date "2001.12.15"]
[Round "?"]
[White "Samraoui, Ali"]
[Black "Sinka, Istvan"]
[Result "0-1"]
[WhiteElo "2455"]
[BlackElo "2542"]
[PlyCount "116"]
[EventDate "2001.12.15"]
[EventType "tourn (corr)"]
[EventRounds "14"]
[SourceTitle "Corr 2008"]
[Source "ChessBase"]
[SourceDate "2008.06.24"]
[SourceVersion "1"]
[SourceVersionDate "2008.06.24"]
[SourceQuality "1"]

1. d4 d5 2. c4 c6 3. Nf3 Nf6 4. Nc3 e6 5. e3 Nbd7 6. Qc2 Bd6 7. Be2 0-0 8. 0-0 dxc4 9. Bxc4 a6 10. Rd1 b5 11. Be2 Qc7 12. e4 e5 13. g3 Re8 14. a3 h6 15. b4 a5 16. bxa5 Rxa5 17. Bb2 Bb7 18. Rac1 Qb8 19. dxe5 Nxe5 20. Nxe5 Bxe5 21. f4 Qa7+ 22. Kf1 Bb8 23. Kg2 c5 24. Bf3 c4 25. Nd5 Nxd5 26. exd5 Bd6 27. Qc3 f6 28. Re1 Rd8 29. Qc2 Ba8 30. Rb1 Qd7 31. Qc3 Bc7 32. Red1 Ra6 33. Bc1 Rd6 34. a4 Bxd5 35. Rxd5 Rxd5 36. axb5 Qe6 37. Bxd5 Qxd5+ 38. Qf3 Qf5 39. Rb2 Ba5 40. Qc6 c3 41. Ra2 Rc8 42. Qb7 Re8 43. Qc6 Kf7 44. Qc4+ Kg6 45. h3 Re1 46. Rxa5 Rxc1 47. Ra2 h5 48. Rf2 Kh6 49. h4 Qb1 50. f5 Rg1+ 51. Kh2 Rh1+ 52. Kg2 Qg1+ 53. Kf3 Rh3 54. Qc7 Qd1+ 55. Ke3 Rh1 56. Re2 Qb3 57. Ke4 Rd1 58. Qc5 Qa4+ 0-1

[Event "IECG WC.2002.T.00002 email"]
[Site "IECG email"]
[Date "2001.06.15"]
[Round "?"]
[White "Benz, German Fabian"]
[Black "Samraoui, Ali"]
[Result "1/2-1/2"]
[WhiteElo "2493"]
[BlackElo "2445"]
[PlyCount "36"]
[EventDate "2001.06.15"]
[EventType "tourn (corr)"]
[EventRounds "10"]
[SourceTitle "Corr 2008"]
[Source "ChessBase"]
[SourceDate "2008.06.24"]
[SourceVersion "1"]
[SourceVersionDate "2008.06.24"]
[SourceQuality "1"]

1. d4 Nf6 2. c4 e6 3. Nc3 Bb4 4. Qc2 0-0 5. a3 Bxc3+ 6. Qxc3 b6 7. Bg5 Ba6 8. e3 d6 9. Bd3 Nbd7 10. Ne2 c5 11. Qc2 h6 12. Bh4 Rc8 13. Qa4 cxd4 14. exd4 Bb7 15. 0-0 Qc7 16. Nc3 a6 17. Rfe1 d5 18. cxd5 b5 1/2-1/2

[Event "IECG WC.2002.T.00002 email"]
[Site "IECG email"]
[Date "2001.06.15"]
[Round "?"]
[White "Elburg, John"]
[Black "Samraoui, Ali"]
[Result "1/2-1/2"]
[WhiteElo "2312"]
[BlackElo "2445"]
[PlyCount "54"]
[EventDate "2001.06.15"]
[EventType "tourn (corr)"]
[EventRounds "10"]
[SourceTitle "Corr 2008"]
[Source "ChessBase"]
[SourceDate "2008.06.24"]
[SourceVersion "1"]
[SourceVersionDate "2008.06.24"]
[SourceQuality "1"]

1. e4 e5 2. Nf3 Nc6 3. Bb5 a6 4. Ba4 Nf6 5. 0-0 Nxe4 6. d4 b5 7. Bb3 d5 8. dxe5 Be6 9. c3 Bc5 10. Nbd2 0-0 11. Bc2 Bf5 12. Nb3 Bxf2+ 13. Rxf2 Nxf2 14. Kxf2 Bxc2 15. Qxc2 f6 16. e6 Qd6 17. Be3 Qxe6 18. Nbd4 Nxd4 19. Nxd4 Qe5 20. Nf3 Qh5 21. a4 Rfe8 22. Qd3 c6 23. b4 Rad8 24. h3 Re4 25. axb5 axb5 26. Bd4 Rde8 27. Ra2 Qf5 1/2-1/2

[Event "Reg Gillman mem-B corr"]
[Site "England"]
[Date "1999.12.01"]
[Round "?"]
[White "Cranbourne, Carlos Leon"]
[Black "Samraoui, Ali"]
[Result "1/2-1/2"]
[WhiteElo "2437"]
[BlackElo "2453"]
[PlyCount "44"]
[EventDate "1999.12.01"]
[EventType "tourn (corr)"]
[EventRounds "13"]
[EventCountry "ENG"]
[EventCategory "10"]
[SourceTitle "Corr 2002"]
[Source "ChessBase"]
[SourceDate "2002.05.23"]
[SourceVersion "1"]
[SourceVersionDate "2002.05.23"]
[SourceQuality "1"]

1. e4 e5 2. Nf3 Nc6 3. Bb5 a6 4. Ba4 Nf6 5. 0-0 Nxe4 6. d4 b5 7. Bb3 d5 8. dxe5 Be6 9. Be3 Be7 10. Nbd2 Nc5 11. Bxc5 Bxc5 12. c3 Qd7 13. Qe2 0-0 14. Rad1 Rad8 15. Ne4 dxe4 16. Rxd7 exf3 17. Qe4 Bxd7 18. e6 fxe6 19. Bxe6+ Bxe6 20. Qxe6+ Kh8 21. Qxc6 fxg2 22. Kxg2 Bb6 1/2-1/2

[Event "Reg Gillman mem-B corr"]
[Site "England"]
[Date "1999.12.01"]
[Round "?"]
[White "De Groot, Adrianus Dingeman"]
[Black "Samraoui, Ali"]
[Result "1/2-1/2"]
[WhiteElo "2454"]
[BlackElo "2453"]
[PlyCount "47"]
[EventDate "1999.12.01"]
[EventType "tourn (corr)"]
[EventRounds "13"]
[EventCountry "ENG"]
[EventCategory "10"]
[SourceTitle "Corr 2002"]
[Source "ChessBase"]
[SourceDate "2002.05.23"]
[SourceVersion "1"]
[SourceVersionDate "2002.05.23"]
[SourceQuality "1"]

1. e4 e5 2. Nf3 Nc6 3. Bb5 a6 4. Ba4 Nf6 5. 0-0 Nxe4 6. d4 b5 7. Bb3 d5 8. dxe5 Be6 9. Be3 Be7 10. c3 Nc5 11. Bc2 Nd7 12. Re1 Ndxe5 13. Nxe5 Nxe5 14. Bd4 Ng6 15. Bxg7 Rg8 16. Bxg6 Rxg7 17. Rxe6 hxg6 18. Re3 Kf8 19. Rh3 Rg8 20. a4 Kg7 21. Nd2 b4 22. Rc1 bxc3 23. Rhxc3 c5 24. Rd3 1/2-1/2

[Event "Reg Gillman mem-B corr"]
[Site "England"]
[Date "1999.12.01"]
[Round "?"]
[White "Samraoui, Ali"]
[Black "Buraschi, Osvaldo"]
[Result "0-1"]
[WhiteElo "2453"]
[BlackElo "2502"]
[PlyCount "43"]
[EventDate "1999.12.01"]
[EventType "tourn (corr)"]
[EventRounds "13"]
[EventCountry "ENG"]
[EventCategory "10"]
[SourceTitle "Corr 2002"]
[Source "ChessBase"]
[SourceDate "2002.05.23"]
[SourceVersion "1"]
[SourceVersionDate "2002.05.23"]
[SourceQuality "1"]

1. d4 Nf6 2. c4 g6 3. Nc3 Bg7 4. e4 d6 5. Be2 0-0 6. Bg5 Na6 7. h4 e5 8. d5 h6 9. Be3 Nc5 10. Qc2 c6 11. h5 g5 12. f3 a5 13. g4 Bd7 14. Nh3 a4 15. Qd2 cxd5 16. cxd5 Qa5 17. Nb1 Qxd2+ 18. Nxd2 b5 19. Rc1 Rfc8 20. Kf2 Rc7 21. Kg3 Rac8 22. Nf2 0-1

[Event "IECG WC.2000.S.00001 email"]
[Site "IECG email"]
[Date "1999.??.??"]
[Round "?"]
[White "Rovan, Ernesto"]
[Black "Samraoui, Ali"]
[Result "0-1"]
[WhiteElo "1348"]
[BlackElo "2420"]
[PlyCount "78"]
[EventDate "1999.05.08"]
[EventType "tourn (corr)"]
[EventRounds "10"]
[SourceTitle "Corr 2008"]
[Source "ChessBase"]
[SourceDate "2008.06.24"]
[SourceVersion "1"]
[SourceVersionDate "2008.06.24"]
[SourceQuality "1"]

1. e4 e5 2. Nf3 Nc6 3. Nc3 Nf6 4. Bc4 Nxe4 5. Nxe4 d5 6. Bb5 dxe4 7. Nxe5 Qg5 8. Nxc6 Qxb5 9. Nd4 Qe5 10. Ne2 Bg4 11. h3 Bh5 12. d4 exd3 13. Qxd3 Bc5 14. Be3 0-0 15. Bxc5 Qxc5 16. 0-0 Rfd8 17. Qc3 Qxc3 18. Nxc3 Bg6 19. Rfe1 Bxc2 20. Re7 Rac8 21. Rae1 Kf8 22. Nb5 Ba4 23. Nc3 Bc6 24. a4 Re8 25. Rxe8+ Rxe8 26. Rxe8+ Kxe8 27. g4 Ke7 28. f4 a5 29. Kf2 Kd6 30. Ke3 Kc5 31. Kd3 Kb4 32. f5 Kb3 33. Nd1 Bf3 34. Ne3 b6 35. g5 Bc6 36. Nd1 Bd7 37. h4 Bxf5+ 38. Kd2 Bc2 39. Ne3 Be4 0-1

[Event "IECG WC.2000.S.00001 email"]
[Site "IECG email"]
[Date "1999.??.??"]
[Round "?"]
[White "Samraoui, Ali"]
[Black "Braakhuis, Wilfried FR"]
[Result "1/2-1/2"]
[WhiteElo "2420"]
[BlackElo "2313"]
[PlyCount "102"]
[EventDate "1999.05.08"]
[EventType "tourn (corr)"]
[EventRounds "10"]
[SourceTitle "Corr 2008"]
[Source "ChessBase"]
[SourceDate "2008.06.24"]
[SourceVersion "1"]
[SourceVersionDate "2008.06.24"]
[SourceQuality "1"]

1. e4 d6 2. d4 Nf6 3. Nc3 g6 4. Bg5 Bg7 5. Qd2 h6 6. Bf4 g5 7. Bg3 Nh5 8. Be2 Nxg3 9. hxg3 Nc6 10. d5 Nd4 11. Bd3 e5 12. Nd1 a6 13. Ne3 Bd7 14. g4 c5 15. c3 Nb5 16. Ne2 Nc7 17. Ng3 b5 18. Nef5 Bxf5 19. Nxf5 Bf8 20. Rh3 f6 21. 0-0-0 Qd7 22. Rdh1 0-0-0 23. c4 b4 24. Bc2 Na8 25. Qd3 Nb6 26. Bd1 a5 27. Nxh6 Bxh6 28. Rxh6 Rxh6 29. Rxh6 Qg7 30. Qh3 Rf8 31. Rh7 Qg6 32. f3 Rf7 33. Rh8+ Kb7 34. Be2 Rg7 35. Qh5 Qf7 36. Qxf7+ Rxf7 37. Kd2 Kc7 38. Kd3 Kd7 39. Bd1 Kc7 40. Bb3 Kd7 41. a4 Kc7 42. Bd1 Kd7 43. g3 Nc8 44. Ke3 Nb6 45. b3 Nc8 46. Be2 Rg7 47. f4 Ne7 48. Ra8 Nc8 49. Bf3 Kc7 50. Rxa5 Kb6 51. Rb5+ Ka7 1/2-1/2

[Event "Pappier mem-B email"]
[Site "Argentina"]
[Date "1998.??.??"]
[Round "13"]
[White "Samraoui, Ali"]
[Black "Chorfi, Khaled"]
[Result "1/2-1/2"]
[WhiteElo "2420"]
[BlackElo "2460"]
[PlyCount "118"]
[EventDate "1998.??.??"]
[EventType "tourn (corr)"]
[EventRounds "14"]
[EventCountry "ARG"]
[EventCategory "6"]
[SourceTitle "E-Mail 2000"]
[Source "ChessBase"]
[SourceDate "2000.04.19"]
[SourceVersion "1"]
[SourceVersionDate "2000.04.19"]
[SourceQuality "1"]

1. d4 Nf6 2. c4 g6 3. Nc3 Bg7 4. e4 d6 5. Nf3 0-0 6. Be2 e5 7. 0-0 Nc6 8. d5 Ne7 9. b4 Nh5 10. Re1 a5 11. bxa5 Rxa5 12. Nd2 Nf4 13. Bf1 c5 14. a4 h5 15. Rb1 Ra7 16. Nf3 f6 17. Nb5 Ra6 18. Be3 Kh8 19. h3 Rf7 20. Rb2 Bf8 21. Kh2 g5 22. g3 Nxh3 23. Bxh3 g4 24. Bg2 gxf3 25. Bxf3 h4 26. gxh4 Qd7 27. Bg2 Rh7 28. h5 Qg4 29. Kg1 Qxd1 30. Rxd1 Rxh5 31. Ra1 f5 32. Nc7 Ra7 33. Rb6 f4 34. Rxd6 fxe3 35. Rd8 Kg7 36. Ne8+ Kg6 37. Nd6 Bh6 38. Nxc8 Nxc8 39. Rxc8 e2 40. Re1 Rxa4 41. Bf3 Rg5+ 42. Kh2 Rxc4 43. Bxe2 Rc2 44. Rc7 b5 45. d6 Bf8 46. d7 Be7 47. Rc8 Rd2 48. Bxb5 Rxf2+ 49. Kh1 Rd2 50. Re2 Rd1+ 51. Kh2 Kg7 52. Re8 Rh5+ 53. Kg3 Bh4+ 54. Kg4 Rh6 55. Rg2 Rg6+ 56. Kf3 Rxg2 57. Kxg2 Bf6 58. Rc8 Rd4 59. Rxc5 Rxe4 1/2-1/2

[Event "Pappier mem-B email"]
[Site "Argentina"]
[Date "1998.??.??"]
[Round "?"]
[White "Samraoui, Ali"]
[Black "Pecot, Laurent"]
[Result "1-0"]
[WhiteElo "2420"]
[BlackElo "2495"]
[PlyCount "111"]
[EventDate "1998.??.??"]
[EventType "tourn (corr)"]
[EventRounds "14"]
[EventCountry "ARG"]
[EventCategory "6"]
[SourceTitle "E-Mail 2000"]
[Source "ChessBase"]
[SourceDate "2000.04.19"]
[SourceVersion "1"]
[SourceVersionDate "2000.04.19"]
[SourceQuality "1"]

1. d4 d5 2. Nf3 c5 3. c4 e6 4. cxd5 exd5 5. Nc3 Nc6 6. g3 Nf6 7. Bg2 Be7 8. 0-0 0-0 9. Bg5 c4 10. Ne5 Be6 11. f4 Ng4 12. Nxg4 Bxg4 13. Bxd5 Bxg5 14. fxg5 Qxg5 15. Rf4 Be6 16. Be4 Rfd8 17. e3 Ne7 18. Qc2 Ng6 19. d5 Bh3 20. Bxg6 hxg6 21. Qe4 Re8 22. Qf3 Qe7 23. Rh4 Bf5 24. Rxc4 Qxe3+ 25. Qxe3 Rxe3 26. Rc7 b5 27. a3 a6 28. Rd1 Bg4 29. Rd2 Bh3 30. Kf2 Rae8 31. Ne2 Bg4 32. Ng1 R3e7 33. d6 Rd7 34. Rd4 Be6 35. Ne2 f6 36. Rc6 Ra8 37. Nf4 Bc4 38. Nxg6 Kf7 39. Ne7 Re8 40. Ke3 a5 41. h4 g6 42. a4 Bf1 43. Rb6 bxa4 44. Rxa4 Ra8 45. Kd4 Bg2 46. Kc5 Rdd8 47. Nd5 Rdc8+ 48. Nc7 f5 49. g4 Be4 50. h5 gxh5 51. gxh5 Bc2 52. Rd4 Ra7 53. Rc6 Be4 54. Rxe4 fxe4 55. Kb6 Raa8 56. Nxa8 1-0

[Event "IECG CM.1997.0.00034"]
[Site "IECG email"]
[Date "1997.??.??"]
[Round "?"]
[White "Gawehns, Klaus"]
[Black "Samraoui, Ali"]
[Result "1/2-1/2"]
[WhiteElo "2395"]
[BlackElo "2420"]
[PlyCount "67"]
[EventDate "1997.11.05"]
[EventType "tourn (corr)"]
[EventRounds "6"]
[SourceTitle "Corr 2008"]
[Source "ChessBase"]
[SourceDate "2008.06.24"]
[SourceVersion "1"]
[SourceVersionDate "2008.06.24"]
[SourceQuality "1"]

1. d4 Nf6 2. Nf3 d5 3. c4 e6 4. Nc3 c6 5. e3 Nbd7 6. Qc2 Bd6 7. Be2 0-0 8. 0-0 Re8 9. Rd1 Qe7 10. b3 b6 11. e4 dxe4 12. Nxe4 Nxe4 13. Qxe4 Bb7 14. Bf4 Bxf4 15. Qxf4 e5 16. Nxe5 Nxe5 17. Qxe5 Qxe5 18. dxe5 Rxe5 19. Bf3 Rae8 20. b4 f5 21. Rac1 R8e7 22. c5 bxc5 23. bxc5 Kf7 24. h4 R7e6 25. Kh2 Ke7 26. Rd4 Bc8 27. Kg3 g6 28. Rcd1 Rxc5 29. Rd8 Ba6 30. R1d7+ Kf6 31. Rxa7 Ra5 32. Be2 Rxe2 33. Rf8+ Ke5 34. Re8+ 1/2-1/2